Poesía gauchesca
Wedi'i Gadw mewn:
| Prif Awduron: | , |
|---|---|
| Fformat: | Llyfr |
| Iaith: | Sbaeneg |
| Cyhoeddwyd: |
Ciudad de México
Fondo de Cultura Económica
1955
|
| Cyfres: | Biblioteca Americana. Serie de Literatura Moderna
|
| Pynciau: | |
| Tagiau: |
Ychwanegu Tag
Dim Tagiau, Byddwch y cyntaf i dagio'r cofnod hwn!
|
MARC
| LEADER | 00000nam a2200000 a 4500 | ||
|---|---|---|---|
| 001 | UCT6689 | ||
| 003 | CL-VaPUC | ||
| 008 | 970113e19550000MX |||||||||||||||||spa|d | ||
| 082 | 0 | 4 | |a Ar861 |b HID |2 21 |
| 100 | |a Hidalgo, Bartolomé |e author |9 376934 | ||
| 700 | 0 | |a Ascasubi, Hilario |e author |9 376935 | |
| 245 | 1 | 0 | |a Poesía gauchesca |
| 300 | |a v | ||
| 942 | |c BK | ||
| 945 | |d 19970113 00:00:00 |a rleighto | ||
| 260 | |a Ciudad de México |b Fondo de Cultura Económica |c 1955 | ||
| 500 | |a v.1: Poemas | ||
| 500 | |a Paulino Lucero | ||
| 500 | |a Santos Vega | ||
| 650 | 0 | |a Poesía argentina |9 265575 | |
| 583 | |a last modification |c 19970113 00:00:00 |k Rodrigo Vera | ||
| 490 | 0 | |a Biblioteca Americana. Serie de Literatura Moderna | |
| 999 | |c 255367 |d 255365 | ||
| 952 | |0 0 |1 0 |4 0 |6 AR_861_000000000000000_HID_1955 |7 0 |8 A |9 277582 |a BIBEDU |b BIBEDU |d 2019-11-19 |h v.1 |i 3268942 |o Ar861 HID 1955 |p 3268942 |r 2019-11-19 |w 2019-11-19 |y BK |k LIT | ||